Culture générale ! Une image... Un des... (18) - Statistiques

Statistiques générales
  • Ce quiz a été pris 64 fois
  • Le résultat moyen est 7 sur 20
Statistiques - réponses
Par images Hint Réponse % Correct
assassinés célèbres Martin Luther King
89%
films français célébrissimes Camping
85%
noms de coiffure bol
83%
drapeau d'une monarchie Vatican
66%
des vues connues de ce pays Russie
64%
des objets de musique métronome
62%
types de chapeau bicorne
53%
directrices du FMI Christine Lagarde
51%
écrivaines françaises Françoise Sagan
36%
peintres du XIXe s. Henri de Toulouse-Lautrec
32%
capitales européennes de la culture Lisbonne
32%
une des sportives les plus médaillées aux JO Camille Muffat
21%
pays sans armée Dominique
15%
châteaux les plus populaires Vaux-le-Vicomte
9%
légumes crosne
6%
inconnues célèbres Juliette Récamier
6%
albums d'Astérix La serpe d'or
6%
30 villes les plus ensoleillées de France Antibes
2%
grades de l'armée française lieutenant-colonel
2%
préfectures Saint-Lô
2%
Aucun quiz correspondant
Distribution des résultats
% des personnes avec chaque résultat
Percentile par nombre de réponses
Votre historique - résultats
Vous n’avez pas pris ce quiz